Leeds United Quiz - Statistics

General Stats
  • This quiz has been taken 583 times
  • The average score is 8 of 19
Answer Stats
Hint Answer % Correct
Season Relegated From Premier League 2004
78%
Last League Title (Division 1) 1992
75%
Year Founded 1919
73%
Name Of Song Marching On Together
70%
Last European Appearance 2002
69%
Elland Road Capacity (nearest 1000) 38000
65%
First F.A Cup Victory 1972
51%
Last Cup Final Appearance 1996
48%
Most League Appearances Jack Charlton
44%
Most League Goals Peter Lorimer
41%
Nickname The Whites
41%
Most Caps For England Rio Ferdinand
29%
Shortest Tenure Of A Manager 44 Days
21%
Record Transfer Fee (In) £18,000,000
18%
Record Transfer Fee (Out) £30,000,000
18%
Most Capped Dutch Player Jimmy Floyd Hasselbaink
12%
Longest Tenure Of A Manager 13 Years
10%
First Ever Black Player Albert Johanneson
6%
First Ever Manager Dick Ray
6%
No matching quizzes found
Score Distribution
Percent of People with Each Score
Percentile by Number Answered
Your Score History
You have not taken this quiz